Flexible Urban Transportation Mehdi (Record no. 610683)

000 -LEADER
fixed length control field 00342nam a22001337a 4500
020 ## - INTERNATIONAL STANDARD BOOK NUMBER
International Standard Book Number 0-08-044053-3
040 ## - CATALOGING SOURCE
Transcribing agency NUST
082 ## - DEWEY DECIMAL CLASSIFICATION NUMBER
Edition number 2ND
Classification number 388.40973
Author Mark GIF
245 ## - TITLE STATEMENT
Title Flexible Urban Transportation Mehdi
Statement of responsibility, etc. Jonathan L Gifford
250 ## - EDITION STATEMENT
Edition statement 2nd
260 ## - PUBLICATION, DISTRIBUTION, ETC.
Place of publication, distribution, etc. Oxford
Name of publisher, distributor, etc. Elsevier Sciences
Date of publication, distribution, etc. 2003
300 ## - PHYSICAL DESCRIPTION
Extent 246p.
Other physical details 22cm.
942 ## - ADDED ENTRY ELEMENTS (KOHA)
Source of classification or shelving scheme
Koha item type Book
Edition 2nd

No items available.

© 2023 Central Library, National University of Sciences and Technology. All Rights Reserved.